000
00290nam a22001337a 4500
008
181210b xxu||||| |||| 00| 0 eng d
020
_a
0721667554
041
_a
eng
080
_a
510
100
_a
37
101
_a
mat
245
_a
Elementary Linear Algebra
_c
Nering
942
_2
udc
_c
BK
999
_c
53110
_d
53110